| 000 | 00876nam a22002897a 4500 | ||
|---|---|---|---|
| 001 | BR7375290 | ||
| 003 | BR-BrBNA | ||
| 005 | 20230928084416.0 | ||
| 007 | ta | ||
| 008 | 230509b bl.||||| |||| 00| 0 por d | ||
| 040 |
_aBR-BrBNA _bpor _cBiblioteca Nacional de Agricultura |
||
| 041 | _a(Por) | ||
| 072 |
_aE10 _b/G514 |
||
| 090 | _ E10 BR7375290 | ||
| 100 | 1 | _aMercon, A. | |
| 100 | 1 | _aMendonca, C.F. de | |
| 100 | 1 | _aBezerra, H. | |
| 110 | 1 |
_aSecretaria da Agricultura, Vitoria, ES (Brasil); _98538 |
|
| 110 | 1 | _aAssociacao de Credito e Assistencia Rural do Espirito Santo, Vitoria (Brasil) | |
| 245 | 1 | _aSubprograma prioritario de credito rural, estado do Espirito Santo [Brasil] | |
| 260 | 3 |
_aVitoria, ES (Brasil): _c1971. |
|
| 300 | _a62 p. | ||
| 650 | _aESPIRITO SANTO | ||
| 650 | _aCREDITO RURAL | ||
| 909 |
_a202309 _bLucia _c55 _dLucia Elande |
||
| 942 | _cBK | ||
| 999 |
_c18758 _d18758 |
||